000 00661nam a2200253Ia 4500
003 OSt
005 20221005071408.0
006 a|||||r|||| 00| 0
007 ta
008 221004b |||||||| |||| 00| 0 eng d
024 _a60138
037 _cTextual
040 _aCRL
_cCRL
_beng
041 _2eng
_aeng
082 _aV2:47.N9, M8
100 _aPadhy K S
245 0 _aReservation policy in India
260 _aNew Delhi
_bAshish
_c1985
300 _a200p.
_ccm.
650 _aHISTORY
700 _a Mahapatra Jayashree
_9260949
942 _hV2:47.N9, M8
_cTEXL
_2cc
999 _c977760
_d977760